000 00802nam a22001337a 4500
040 _cRUA
082 _aAVM HEN 2013 B109 Or.1
100 _aHENG, SOKHA.
245 _aEffect of three kind antibiotics on piglet yellow diarrhea after weaning at Cambodia-China breeding pig demonstration farm, ប្រសិទ្ធភាពអង់ទីប៊ីយ៉ូទិចបីប្រភេទលើជំងឺរាកលឿងកូនជ្រូកក្រោយពេលផ្ដាច់ដោះនៅស្ថានីយចិញ្ចឹមជ្រូកបង្ហាញ កម្ពុជា-ចិន
260 _aPhnom Penh
_bRUA
_c2013
300 _aviii; 38p.
_bill.
_c29cm.
856 _uhttps://drive.google.com/file/d/1Lid2rppemlsfSUrZsWwFXX5sGp3YIDiT/view?usp=sharing
942 _cAVM
999 _c2681
_d2681